LIBRARY & INFORMATION CENTRE, KCAET, TAVANUR

ONLINE PUBLIC ACCESS CATALOGUE (OPAC)

Fundamentals of engineering drrawing / (Record no. 13113)

MARC details
000 -LEADER
fixed length control field 00462cam a2200181ua 4500
041 ## - LANGUAGE CODE
Language code of text/sound track or separate title eng
082 ## - DEWEY DECIMAL CLASSIFICATION NUMBER
Classification number 604.2
Item number LUZ/FU
100 ## - MAIN ENTRY--AUTHOR NAME
Personal name Luzadder, Warren J.
245 ## - TITLE STATEMENT
Title Fundamentals of engineering drrawing /
250 ## - EDITION STATEMENT
Edition statement 11 /
260 ## - PUBLICATION, DISTRIBUTION, ETC. (IMPRINT)
Place of publication New Delhi :
Name of publisher Prentice hall ,
Year of publication 1993.
300 ## - PHYSICAL DESCRIPTION
Number of Pages 692 ; .
942 ## - ADDED ENTRY ELEMENTS (KOHA)
Koha item type Books
Holdings
Withdrawn status Lost status Damaged status Home library Current library Date acquired Full call number Accession Number Koha item type
      KAUAET KAUAET 07/04/2012 604.2 LUZ/FU 21327 Books
free website counter